| 000 | 02767nam0a2200445 i 4500 | ||
|---|---|---|---|
| 001 | RU\NLR\BIBL_A\010191998 | ||
| 005 | 20260405061052.0 | ||
| 010 |
_a9785238024936 _920000 |
||
| 021 |
_aRU _b2013-103602 _97195 |
||
| 035 | _a(NILC)RuMoRGB-006712825 | ||
| 035 | _a(NLR Aleph) 010191998 | ||
| 090 |
_a10202107 _c10202107 |
||
| 100 | _a20140217d2014 um y0rusy50 ca | ||
| 101 | 0 | _arus | |
| 102 | _aRU | ||
| 105 | _aa|||j||||00yy | ||
| 200 | 1 |
_aСпортивное право _dSports low _eтрудовые отношения в спорте _eучебник для студентов высших учебных заведений, обучающихся по направлению 032101 "Физическая культура и спорт" _eпо направлениям 030500 "Юриспруденция" и 032101 "Физическая культура и спорт" _fС.В. Алексеев _gпод ред. засл. юриста РФ, д.ю.н., проф. П.В. Крашенинникова _gМ-во образования и науки Рос. Федерации, Моск. гос. юрид. ун-т им. О.Е. Кутафина (МГЮА) _zeng |
|
| 205 | _a2-е изд., перераб. и доп. | ||
| 210 |
_aМосква _cЮНИТИ [и др.] _d2014 _d[т.е. 2013] |
||
| 215 |
_a641, [1] с. _cил. _d22 |
||
| 225 | 1 | _aРекомендовано Минобрнауки России | |
| 300 | _aАвт. также на англ. яз.: S.V. Alexeev | ||
| 300 | _aКн. фактически издана в 2013 г. | ||
| 320 | _aБиблиогр.: с. 632-638 и в подстроч. примеч. | ||
| 510 | 1 |
_6z20790 _aSports low _zeng |
|
| 606 | 1 |
_aФизическая культура и спорт _jУчебники для высших учебных заведений _xПравовые вопросы _yРоссийская Федерация _92155731 _3RU\NLR\AUTH\661297798 |
|
| 606 | 1 |
_aСпортсмены _jУчебники для высших учебных заведений _xТруд _xПравовое регулирование _yРоссийская Федерация _92371416 _3RU\NLR\AUTH\661415446 |
|
| 610 | 0 | _aспортивное право | |
| 686 | 1 | _aХ621.154.4я73 | |
| 686 | 1 | _aЧ514(2Р)б.я73 | |
| 686 | 1 | _aЧ51п.я73 | |
| 700 | 1 |
_7ca _8rus _aАлексеев _bС. В. _cд-р юрид. наук _f1973- _gСергей Викторович _93254 _3RU\NLR\AUTH\7720186 |
|
| 790 | 1 |
_7ba _8rus _aAlekseev _bS. V. _cд-р юрид. наук _f1973- _gSergej Viktorovič _93259 _3RU\NLR\AUTH\7720191 |
|
| 801 | 0 |
_aRU _bRuMoRKP _c20121126 _gRCR |
|
| 801 | 2 |
_aRU _bРГБ _c20131218 _grcr |
|
| 801 | 1 |
_aRU _bRuMoRKP _c20121126 _2rusmarc |
|
| 942 | _cBOOK | ||
| 980 | _aNBR | ||